Le développement métalinguistique

Shranjeno v:
Bibliografske podrobnosti
Glavni avtor: Gombert, Jean Emile (Author)
Format: Knjiga
Jezik:francoščina
Izdano: París Presses Universitaires de France 1990
Serija:Psychologie D'Aujourd'hui
Teme:
Oznake: Označite
Brez oznak, prvi označite!

MARC

LEADER 00000nam a2200000 a 4500
001 UCO5612
003 CL-VaPUC
008 000908e19900000FR |||||||||||||||||fre|d
082 0 4 |a 410  |b GOM  |2 21 
100 |a Gombert, Jean Emile  |e author  |9 450306 
245 1 3 |a Le développement métalinguistique 
300 |a 295 p 
942 |c BK 
945 |d 20000908 00:00:00  |a rbrito 
260 |a París  |b Presses Universitaires de France  |c 1990 
650 0 |a Lingüística  |9 265068 
650 0 |a Desarrollo del lenguaje   |9 311270 
650 0 |a Sintaxis  |9 318843 
650 0 |a Semántica  |9 265318 
583 |a last modification  |c 20000908 00:00:00  |k Rodrigo Vera 
490 0 |a Psychologie D'Aujourd'hui 
999 |c 291462  |d 291460 
952 |0 0  |1 0  |4 0  |6 410_000000000000000_GOM_1990  |7 0  |8 A  |9 341310  |a FDOPOS  |b FDOPOS  |d 2019-11-20  |i 3642461  |o 410 GOM 1990  |p 3642461  |r 2025-01-22  |w 2019-11-20  |y BK  |k MLA 
952 |0 0  |1 0  |4 0  |6 410_000000000000000_GOM_1990  |7 0  |8 A  |9 341311  |a FDOPOS  |b FDOPOS  |d 2019-11-20  |i 364247K  |o 410 GOM 1990  |p 364247K  |r 2025-01-22  |w 2019-11-20  |y BK  |k MLA